Born To Taste Success/ (Record no. 186848)

MARC details
000 -LEADER
fixed length control field 00557nam a22001817a 4500
005 - DATE AND TIME OF LATEST TRANSACTION
control field 20220321142357.0
010 ## - LCCN (DPL NO)
LC control number ENG-132044
020 ## - INTERNATIONAL STANDARD BOOK NUMBER
International Standard Book Number 9788193216866
Terms of availability 160.00
035 ## - SYSTEM CONTROL NUMBER
System control number EN-115576
037 ## - SOURCE OF ACQUISITION
Source of stock number/acquisition DBAD
082 ## - DEWEY DECIMAL CLASSIFICATION NUMBER
Classification number 158.1
100 ## - MAIN ENTRY--PERSONAL NAME
Personal name Raju, C.S.
245 ## - TITLE STATEMENT
Title Born To Taste Success/
Statement of responsibility, etc C.S. Raju
260 ## - PUBLICATION, DISTRIBUTION, ETC. (IMPRINT)
Place of publication, distribution, etc Chennai
Name of publisher, distributor, etc Coral Publishers
Date of publication, distribution, etc 2017
270 ## - ADDRESS
Address #8, 6th Cross, 8th Main Road, Vaishnavi Nagar, Thirumullaivoyal
City Chennai
Postal code 600109
Electronic mail address coralbooks2016@gmail.com
300 ## - PHYSICAL DESCRIPTION
Extent 192p
Dimensions 21cm(pbk)
942 ## - ADDED ENTRY ELEMENTS (KOHA)
Source of classification or shelving scheme Dewey Decimal Classification
Item type English Books
Classification part 158.1
Call number suffix RAJ
Holdings
Withdrawn status Lost status Not for loan Collection code Home library Current library Date acquired Source of acquisition Cost, normal purchase price Full call number Barcode Copy number Cost, replacement price Koha item type
      Non-fiction Central Library Central Library 21/03/2022 DBAD/PUB 160.00 158.1 RAJ EN-115576 1 160.00 English Books

© Delhi Public Library
Hit Counter
free hit counter